=LDR 00000nam 2200000 4500 =001 INLIS000000000039645 =005 20231003101359 =035 ##$$a 0010-061300000039645 =008 231003################e##########0#ind## =041 ##$$a Ind =082 ##$$a 813 =100 ##$$a Quick Amanda =245 1#$$a Amanda Quick , With This Ring /$c Andriyati, Jantje =260 ##$$a Jakarta :$b Dastan Books,$c 2010 =300 ##$$a 420hlm, : $b Ilus ; $c 18cm =850 ##$$a NBPNMAT =020 ##$$a 9786028723510 =084 ##$$a 813 QUI a =650 #4$$a novel =990 ##$$a 21112297 =990 ##$$a 91735/BPAP-NTB/2014 =990 ##$$a 21112295 =990 ##$$a 21112297